| 000 | 00543nam a2200217Ia 4500 | ||
|---|---|---|---|
| 003 | 0100 | ||
| 008 | 130307s9999 xx 000 0 und d | ||
| 040 | _cARRUPELIB | ||
| 050 | _aDS119.7.B5765 2001 | ||
| 245 | _aBlaming the victims | ||
| 245 | _bspurious scholarship and the Palestinian question | ||
| 260 | _aLondon | ||
| 260 | _bVerso | ||
| 260 | _c1988 | ||
| 300 | _a296p. | ||
| 300 | _b22cm | ||
| 650 | _bCatholic church--Relations | ||
| 650 | _cChurch--Unity | ||
| 700 | _aSaid, Edward W ; Hitchens, Christopher | ||
| 942 | 0 | 0 | _02 |
| 999 |
_c99506 _d99506 |
||